| 000 | 01059nam a22003137a 4500 | ||
|---|---|---|---|
| 003 | DO-SdBNP | ||
| 005 | 20260129095557.0 | ||
| 007 | ta | ||
| 008 | 220404b1980 a|||| |||| 00| 0 eng d | ||
| 040 |
_aDO-SdBNP _bspa _cBNPHU |
||
| 082 | 4 |
_a150 _bM516i, 1980 _222 |
|
| 100 | 1 |
_a Mejía-Ricart G., Tirso, _d1936-2021 _q(Mejía-Ricart Guzmán) _91569 |
|
| 245 | 1 | 0 |
_aIntroducción a la psicología / _cTirso Mejía-Ricart G. ; prólogo Enério Rodríguez Arias. |
| 250 | _a2a. ed. | ||
| 260 |
_aSanto Domingo : _bFundación Mejía Ricart-Guzmán Boom _c1980. |
||
| 300 |
_a340 p. : _bil. ; _c21 cm. |
||
| 490 |
_aTextos básicos; _vI |
||
| 590 | _aInventariado, 2022/BT | ||
| 650 | 0 |
_aPsicología _9152 |
|
| 650 | 0 |
_aConducta (Psicología) _9673 |
|
| 650 | 0 |
_aMotivación (Psicología) _9603 |
|
| 650 | 4 |
_aAprendizaje _9812 |
|
| 650 | 0 |
_aPersonalidad _9395 |
|
| 650 | 0 |
_aSalud mental _9803 |
|
| 700 | 1 |
_aRodríguez Arias, Eneiro, _epról. _926411 |
|
| 830 | 0 |
_aTextos básicos ; _nI _964787 |
|
| 910 | _aValidado. Control de calidad MFF | ||
| 942 |
_2ddc _cLBS1 |
||
| 999 |
_c51448 _d51448 |
||